书目信息 |
| 题名: |
三国史话
|
|
| 作者: | 吕思勉 著 | |
| 分册: | ||
| 出版信息: | 武汉 华中科技大学出版社 2016 |
|
| 页数: | 154页 | |
| 开本: | 21cm | |
| 丛书名: | ||
| 单 册: | ||
| 中图分类: | K236.07 | |
| 科图分类: | ||
| 主题词: | 中国历史--zhong guo li shi--研究--三国时代 | |
| 电子资源: | ||
| ISBN: | 978-7-5609-7575-7 | |
| 000 | 00838nam0 22002291 450 | |
| 001 | 1752597344 | |
| 005 | 20170602161310.0 | |
| 010 | @a978-7-5609-7575-7@dCNY16.00 | |
| 100 | @a20160415d2016 em y0chiy50 ea | |
| 101 | 0 | @achi |
| 102 | @aCN@b420000 | |
| 105 | @ay z 000yy | |
| 106 | @ar | |
| 200 | 1 | @a三国史话@Asan guo shi hua@f吕思勉著 |
| 210 | @a武汉@c华中科技大学出版社@d2016 | |
| 215 | @a154页@d21cm | |
| 330 | @a本书是历史学家吕思勉先生生前所写的惟一一部通俗性的史学作品。作者以丰富的历史知识为基础,从文学和史学的角度,对三国史上存在过的与三国文学中塑造的人物、事件、战争及地理环境作了细致的区分和辨析,并提出见解。 | |
| 606 | 0 | @a中国历史@Azhong guo li shi@x研究@z三国时代 |
| 690 | @aK236.07@v5 | |
| 701 | 0 | @a吕思勉@Alv si mian@f(1884~1957)@4著 |
| 801 | 0 | @aCN@bTANG WEI@c20170601 |
| 905 | @b0972008-12@dK236.07@e88@f5 | |
| 三国史话/吕思勉著.-武汉:华中科技大学出版社,2016 |
| 154页;21cm |
| ISBN 978-7-5609-7575-7:CNY16.00 |
| 本书是历史学家吕思勉先生生前所写的惟一一部通俗性的史学作品。作者以丰富的历史知识为基础,从文学和史学的角度,对三国史上存在过的与三国文学中塑造的人物、事件、战争及地理环境作了细致的区分和辨析,并提出见解。 |
| ● |
| 相关链接 |
|
|
|
|
正题名:三国史话
索取号:K236.07/88
 
预约/预借
| 序号 | 登录号 | 条形码 | 馆藏地/架位号 | 状态 | 备注 |
| 1 | 0972008 | 209720088 | 第二样本阅览室/ [索取号:K236.07/88] | 在馆 | |
| 2 | 0972009 | 209720097 | 第二借阅区/ [索取号:K236.07/88] | 在馆 | |
| 3 | 0972010 | 209720104 | 第二借阅区/ [索取号:K236.07/88] | 在馆 | |
| 4 | 0972011 | 209720113 | 第二借阅区/ [索取号:K236.07/88] | 在馆 | |
| 5 | 0972012 | 209720122 | 密集书库-史法系/ [索取号:K236.07/88] | 在馆 |